000 00526nam a22001817a 4500
005 20230603120123.0
008 230120b |||||||| |||| 00| 0 eng d
020 _a9789354655685
041 _aENG.
082 _a610.7343
_bVEER
100 _aVEERABHADRAPPA GM
_9106523
245 _aTHE SHORT TEXTBOOK OF COMMUNITY HEALTH NURSING VOLUME 1 AND VOLUME 2
260 _a2ND
_bJAYPEE BROTHERS MEDICAL PUBLISHERS
_c2022
300 _a426 P.
365 _aRS
_b436
650 _aCOMMUNITY HEALTH NURSING
_9106524
942 _cBK
999 _c84102
_d84102